000 00636nam a22002177a 4500
003 UA-OsUOA
001 39444
007 ta
008 20080421b un ||||| |||| 00| 0 ukr d
090 _a050
_bН73
942 _cMG
040 _aUA-OsUOA
_bukr
_cUA-OsUOA
_dUA-OsUOA
245 _aНовий літопис
955 _a4
041 _aukr
080 _a050
260 _aВінніпег
310 _a1963: 1; 1964: 13
650 7 _a050 Серійні публікації. Періодика галузі, Організація та інші типи поєднання (співробітництва)
_2UDC
999 _c437952
_d437952